Biblioteca y Centro de Documentación

La ciudad del trabajo (Registro nro. 44150)

Detalles MARC
000 -CABECERA
Longitud fija campo de control 01174nam a2200373 i 4500
001 - NÚMERO DE CONTROL
Número de control 44150
003 - IDENTIFICADOR DE NÚMERO DE CONTROL
Identificador del número de control ES-MaCES
005 - FECHA Y HORA DE LA ÚLTIMA TRANSACCIÓN
Fecha y hora de la última transacción 20130827134710.0
008 - CAMPO FIJO DE DESCRIPCIÓN FIJA--INFORMACIÓN GENERAL
Códigos de información de longitud fija   130827s2013 sp | t 00| 0 spa d
017 ## - NÚMERO DE REGISTRO DE DERECHOS DE AUTOR Y DEPÓSITO LEGAL
Número de copyright o de depósito legal AB 77-2013
Agencia que asigna el número DL
020 ## - ISBN (INTERNATIONAL STANDARD BOOK NUMBER)
Número Internacional Normalizado para Libros (ISBN) 9788415000969
040 ## - FUENTE DE CATALOGACIÓN
Centro catalogador de origen ES-MaCES
Lengua de catalogación spa
Centro transcriptor ES-MaCES
041 1# - CÓDIGO DE IDIOMA
Código de lengua del texto;banda sonora o título independiente spa
Código de lengua original ita
100 1# - ENCABEZAMIENTO PRINCIPAL--NOMBRE PERSONAL
9 (RLIN) 25150
Nombre de persona Trentin, Bruno
245 13 - MENCIÓN DE TÍTULO
Título La ciudad del trabajo
Resto del título : izquierda y crisis del fordismo
Mención de responsabilidad, etc. [autor, Bruno Trentin; trad., José Luis López Bulla]
260 ## - PUBLICACIÓN, DISTRIBUCIÓN, ETC (PIE DE IMPRENTA)
Lugar de publicación, distribución, etc. Albacete
Nombre del editor, distribuidor, etc. Bomarzo
Fecha de publicación, distribución, etc. [2013]
300 ## - DESCRIPCIÓN FÍSICA
Extensión 287 p.
Dimensiones 24 cm
500 ## - NOTA GENERAL
Nota general Traducción de: La città del lavoro
500 ## - NOTA GENERAL
Nota general Ed. autorizada por la Fundación 1º de Mayo
541 0# - NOTA DE LA FUENTE INMEDIANTE DE ADQUISICIÓN
Forma de adquisición Compra
650 #4 - ASIENTO SECUNDARIO DE MATERIA--TÉRMINO DE MATERIA
9 (RLIN) 27128
Término de materia o nombre geográfico como elemento inicial socialismo
650 #4 - ASIENTO SECUNDARIO DE MATERIA--TÉRMINO DE MATERIA
9 (RLIN) 28289
Término de materia o nombre geográfico como elemento inicial trabajo
650 #4 - ASIENTO SECUNDARIO DE MATERIA--TÉRMINO DE MATERIA
9 (RLIN) 30756
Término de materia o nombre geográfico como elemento inicial futuro del trabajo
650 #4 - ASIENTO SECUNDARIO DE MATERIA--TÉRMINO DE MATERIA
9 (RLIN) 27269
Término de materia o nombre geográfico como elemento inicial sociedad
650 #4 - ASIENTO SECUNDARIO DE MATERIA--TÉRMINO DE MATERIA
9 (RLIN) 27286
Término de materia o nombre geográfico como elemento inicial cambio social
650 #4 - ASIENTO SECUNDARIO DE MATERIA--TÉRMINO DE MATERIA
9 (RLIN) 27032
Término de materia o nombre geográfico como elemento inicial teoría social
650 #4 - ASIENTO SECUNDARIO DE MATERIA--TÉRMINO DE MATERIA
9 (RLIN) 27076
Término de materia o nombre geográfico como elemento inicial teoría económica
653 10 - TÉRMINO DE INDEXACIÓN--NO CONTROLADO
Término no controlado Ciencias Sociales-Políticas
700 1# - ENCABEZAMIENTO SECUNDARIO--NOMBRE PERSONAL
9 (RLIN) 16843
Nombre de persona López Bulla, José Luis
Término indicativo de función tr.
710 ## - ENCABEZAMIENTO SECUNDARIO--NOMBRE CORPORATIVO
9 (RLIN) 3735
Nombre de entidad o nombre de jurisdicción como elemento inicial Fundación 1º de Mayo
740 32 - ENCABEZAMIENTO SECUNDARIO--TÍTULO ANALÍTICO/RELACIONADO NO CONTROLADO
Título relacionado o analítico no controlado La città del lavoro
902 ## - CES. TIPO DE DOCUMENTO
Tipodoc (006$c Sirtex) LIB Libro
942 ## - ELEMENTOS KOHA
Fuente de clasificaión o esquema Clasificación propia del CES
Koha [por defecto] tipo de item Monografías
Parte de clasificación Ciencias Sociales Politicas Empresariale
Existencias
Número de registro Signatura completa Tipo de item de Koha
083197 SG-7.0.-218 Monografías
© CES, Consejo Económico y Social de España 2021